LEADER 00718nam a2200193 i 4500 001 000000212294 003 CaOOAMICUS 005 20120404000000.0 008 120404s1773 it u000 u ita u 013 $a191125 026 $a3200 c-ma heon sire (3) 1773 (R) 040 $aSeMil$bita 245 10$aTomo 3. 300 $a[4], 495, [1] p. 500 $aSegn. : pigreco2 A-3Q4. 773 0 $aPlutarchus <46-120>$tVite di Plutarco volgarizzate da Girolamo Pompei gentiluomo veronese ... Tomo 1. [5.].$dIn Verona : Nella stamperia Moroni, 1772-1773.$g3$w()26567 850 $aSeMil 852 $aSeMil$W1$xVenegono$y1$m1Y V 11 FA$j162728$B162728$CSeMilBibl$Z2$F173926 $8I 996 $6245$aTomo 3$9(OLS)http://semarc/title/53129 LEADER 01187nam a2200241 i 4500 001 000000223832 003 CaOOAMICUS 005 20161207000000.0 008 161207s1847 it u000 u fre u 013 $a202730 040 $aSeMil$bita 100 1 $aLa Farelle, François Félix : de.$0(OLS)http://semarc/name/78027 245 10$aDu progrès social au profit des classes populaires non indigentes, ... :$bsuivie de Plan d'une réorganisation disciplinaire des classes industrielles en France /$cpar F. F. de La Farelle. 250 $a2. éd. revue et corrigée. 260 $aParis :$bGuillaumin et Cie,$c1847. 300 $aVII, 504 p. ;$c24 cm. 650 4$aFrancia - Storia sociale.$0(OLS)http://semarc/subject/17260 850 $aSeMil 852 $aSeMil$W1$xVenegono$y1$m3M III 31 FA$j174178$B174178$CSeMilBibl$Z2$F214994 $8I 941 1 $a10 961 $aRecupero: Mantegazza 996 $6245$aDu progrès social au profit des classes populaires non indigentes, ... :$bsuivie de Plan d'une réorganisation disciplinaire des classes industrielles en France$9(OLS)http://semarc/title/320928 996 $6260$aParis :$bGuillaumin et Cie$9(OLS)http://semarc/publisher/31340